| 000 | 00831nam a2200229 a 4500 | ||
|---|---|---|---|
| 001 | 78477 | ||
| 003 | BD-RjUL | ||
| 005 | 20211209083132.0 | ||
| 008 | 210927s19501369 ||||| |||| 00| 0bara d | ||
| 035 | _a(BD-RjUL)78703 | ||
| 040 |
_aBD-RjUL _beng _cBD-RjUL |
||
| 041 | _aara | ||
| 082 |
_223 _aA 297.61 _bTHH 1950 |
||
| 100 |
_aعبد الماجد ;; Abdul Mazid _9248504 |
||
| 245 |
_aحکیم الامت اشرف علی تھانوی ;; Hakim-ul-Ummah Ashraf Ali Thanawi / _cاشرف علی تھانوی ;; Ashraf Ali Thanawi ; |
||
| 260 |
_aIndia : _babdul majid _c1950 |
||
| 300 |
_a614 p. ; _c23 cm |
||
| 600 |
_aتھانوی, حکیم الامت اشرف علی ;; Thanwi, Hakim-ul-Amat Ashraf Ali _9248505 |
||
| 650 |
_aBiography _9248506 |
||
| 700 |
_aعبد الماجد ;; Abdul Mazid _9248510 |
||
| 942 |
_2ddc _cBK |
||
| 999 |
_c78477 _d78477 |
||